000 00372nam a2200145Ia 4500
008 220613s9999||||xx |||||||||||||| ||und||
020 _a9788186336973
100 _aSraswati Niranjanananda Swami
245 0 _aPrana And Pranayama
250 _a1st(2009) reprint 2016
260 _bBihar Yoga Publications Trust Munger
300 _a362
650 _ayoga
942 _cGB
999 _c11766
_d11766